Operations now. Profitability, processes, performance

Na minha lista:
Detalhes bibliográficos
Autor principal: Finch, Byron J (Author)
Formato: Livro
Idioma:inglês
Publicado em: Boston McGraw Hill 2006
Edição:2a. ed
Assuntos:
Tags: Adicionar Tag
Sem tags, seja o primeiro a adicionar uma tag!

MARC

LEADER 00000nam a2200000 a 4500
001 UCI2586
003 CL-VaPUC
008 070831e20060000US |||||||||||||||||eng|d
020 |a 0072977671 
082 0 4 |a 658.5  |b FIN  |2 21 
100 0 |a Finch, Byron J  |e author  |9 523620 
245 1 0 |a Operations now. Profitability, processes, performance 
250 |a 2a. ed 
300 |a 650 p 
942 |c BK 
945 |d 20070831 00:00:00  |a rbrito 
260 |a Boston  |b McGraw Hill  |c 2006 
500 |a Incluye CD 
650 0 |a Producción  |x Planificación  |9 260672 
650 0 |a Producción industrial  |9 307907 
650 0 |a Desarrollo industrial  |9 322675 
650 0 |a Gestión de la producción   |9 259467 
650 0 |a Política industrial  |9 334157 
650 7 |a CONTROL DE PRODUCCION  |2 CL-VaPUC  |9 271421 
650 7 |a OBJETIVOS DE LA PRODUCCION  |2 CL-VaPUC  |9 364681 
650 7 |a TECNICAS DE PRODUCCION  |2 CL-VaPUC  |9 352706 
583 |a last modification  |c 20070831 00:00:00  |k Rodrigo Vera 
999 |c 327077  |d 327075 
952 |0 0  |1 0  |4 0  |6 658_500000000000000_FIN_2006  |7 0  |8 A  |9 409485  |a BIBING  |b BIBING  |d 2019-11-22  |i 4368487  |o 658.5 FIN 2006  |p 4368487  |r 2025-01-20  |w 2019-11-22  |y BK  |k EII